[Event "Youth Classic 2019 - Juniors Open U18"]
[Site "Bad Soden, Hasselgrundhalle"]
[Date "2019.10.05"]
[Round "7.5"]
[White "Wu, Sifan"]
[Black "Papadopoulos, Ioannis"]
[Result "0-1"]
[WhiteElo "1574"]
[BlackElo "1944"]
[PlyCount "84"]
[EventDate "2019.??.??"]
[WhiteTeam "SV Oberursel"]
[BlackTeam "SV Oberursel"]

1. e4 c5 2. Nf3 d6 3. d4 cxd4 4. Nxd4 Nf6 5. Nc3 a6 6. f3 e5 7. Nb3 Be6 8. Be3
Be7 9. Qd2 O-O 10. g4 d5 11. exd5 Nxd5 12. Nxd5 Qxd5 13. Qxd5 Bxd5 14. Bg2 Bh4+
15. Bf2 Bxf2+ 16. Kxf2 Nc6 17. c3 b6 18. Rhe1 f6 19. Nd2 Ne7 20. Nf1 Ng6 21.
Ne3 Bb7 22. Nc4 b5 23. Nd6 Bc6 24. Rad1 Rad8 25. b3 Rd7 26. Rd2 Rfd8 27. Red1
Nf4 28. Bf1 Nd5 29. c4 Rxd6 30. cxd5 Rxd5 31. Rxd5 Rxd5 32. Rxd5 Bxd5 33. Ke3
Kf7 34. Bd3 g6 35. Be2 Ke6 36. f4 exf4+ 37. Kxf4 Kd6 38. a4 Bxb3 39. axb5 a5
40. Ke3 Kc5 41. Kd2 Ba4 42. Kc3 Bxb5 0-1

[Event "Youth Classic 2019 - Juniors Open U18"]
[Site "Bad Soden, Hasselgrundhalle"]
[Date "2019.10.05"]
[Round "7.6"]
[White "Klein, Dennis"]
[Black "Geltz, Noah"]
[Result "0-1"]
[WhiteElo "1119"]
[BlackElo "2054"]
[PlyCount "112"]
[EventDate "2019.??.??"]
[WhiteTeam "Post  Schw. Hall"]
[BlackTeam "SF HN-Biberach"]

1. d4 Nf6 2. Bf4 e6 3. Nf3 c5 4. e3 cxd4 5. exd4 Qb6 6. Qc1 Nc6 7. c3 d5 8. Bd3
Be7 9. Nbd2 O-O 10. Ne5 Nxe5 11. Bxe5 Bd7 12. Nf3 Bb5 13. Bxb5 Qxb5 14. Qc2 Ne4
15. a4 Qc6 16. O-O a6 17. Nd2 Nf6 18. Nf3 Nd7 19. Rfc1 Nxe5 20. Nxe5 Qd6 21. c4
dxc4 22. Qxc4 Rfd8 23. Rd1 Rac8 24. Qb3 Rc7 25. h3 Rdc8 26. Qe3 Qb4 27. b3 Rc3
28. Rd3 Qxb3 29. Rxc3 Rxc3 30. Qf4 f6 31. Ng4 Rc8 32. Rc1 Rc4 33. Rxc4 Qxc4 34.
Qb8+ Kf7 35. Qxb7 Qxa4 36. d5 Qb5 37. dxe6+ Kxe6 38. Qe4+ Kf7 39. Qxh7 Qg5 40.
Qd3 Qc1+ 41. Kh2 Qc7+ 42. Kg1 Qd6 43. Qh7 Qd1+ 44. Kh2 Qd2 45. Kg1 a5 46. Qe4
Qd1+ 47. Kh2 Qd6+ 48. Kg1 Qe6 49. Qh7 Qe1+ 50. Kh2 Qd2 51. Qe4 g6 52. Qc4+ Kg7
53. Qe6 Qd6+ 54. Qxd6 Bxd6+ 55. g3 Bc5 56. Kg2 a4 0-1

[Event "Youth Classic 2019 - Juniors Open U18"]
[Site "Bad Soden, Hasselgrundhalle"]
[Date "2019.10.05"]
[Round "7.7"]
[White "Stobbe, Frederik"]
[Black "Sander, Jannik"]
[Result "1-0"]
[WhiteElo "1849"]
[BlackElo "1233"]
[PlyCount "33"]
[EventDate "2019.??.??"]
[WhiteTeam "SC Bad Soden"]
[BlackTeam "SK Gernsheim"]

1. e4 e5 2. f4 exf4 3. Nf3 Nc6 4. Bc4 Nf6 5. Nc3 Bb4 6. e5 Ng4 7. d4 d5 8. Bd3
O-O 9. Bxf4 h6 10. h3 Nf6 11. exf6 Qxf6 12. Be5 Nxe5 13. dxe5 Qe7 14. O-O Re8
15. Nxd5 Qc5+ 16. Kh1 g6 17. Nf6+ 1-0

[Event "Youth Classic 2019 - Juniors Open U18"]
[Site "Bad Soden, Hasselgrundhalle"]
[Date "2019.10.05"]
[Round "7.8"]
[White "Englert, Georg"]
[Black "Schmetkamp, Ian"]
[Result "1-0"]
[WhiteElo "1249"]
[BlackElo "1129"]
[PlyCount "35"]
[EventDate "2019.??.??"]
[WhiteTeam "SC ML Kastellaun"]
[BlackTeam "Post  Schw. Hall"]

1. e4 e5 2. Nf3 Nc6 3. d4 exd4 4. Nxd4 Bc5 5. Be3 Nf6 6. Nxc6 bxc6 7. Bxc5 Nxe4
8. Qe2 d6 9. Qxe4+ Be6 10. Qxc6+ Ke7 11. Be3 Re8 12. Nc3 Bd7 13. Nd5+ Kf8 14.
Qxc7 Rc8 15. Qxd8 Rexd8 16. O-O-O Bf5 17. Bd3 Bxd3 18. Rxd3 1-0

[Event "Youth Classic 2019 - Juniors Open U18"]
[Site "Bad Soden, Hasselgrundhalle"]
[Date "2019.10.05"]
[Round "7.9"]
[White "Murmann, Jonas"]
[Black "Hoang, Jan"]
[Result "1-0"]
[WhiteElo "1394"]
[BlackElo "1097"]
[PlyCount "43"]
[EventDate "2019.??.??"]
[WhiteTeam "SC ML Kastellaun"]
[BlackTeam "Post  Schw. Hall"]

1. c4 e5 2. g3 Nc6 3. Bg2 Bc5 4. Nc3 Nf6 5. a3 a5 6. e3 d6 7. Nge2 O-O 8. O-O
Be6 9. d4 exd4 10. exd4 Bxd4 11. Nxd4 Bxc4 12. Nxc6 bxc6 13. Re1 Ra6 14. Bg5 h6
15. Bxf6 Qxf6 16. Bf1 Bb5 17. Bxb5 cxb5 18. Nxb5 Rb6 19. Nxc7 Rxb2 20. Rf1 Rc8
21. Nd5 Qe5 22. Re1 1-0

[Event "Youth Classic 2019 - Juniors Open U18"]
[Site "Bad Soden, Hasselgrundhalle"]
[Date "2019.10.05"]
[Round "7.10"]
[White "Köpke, Carolina"]
[Black "Sauer, Philipp"]
[Result "1-0"]
[WhiteElo "1453"]
[BlackElo "1166"]
[PlyCount "65"]
[EventDate "2019.??.??"]
[WhiteTeam "SV Oberursel"]
[BlackTeam "Post  Schw. Hall"]

1. d4 d5 2. Bf4 Nf6 3. e3 Bf5 4. c4 c6 5. Nc3 Qb6 6. Qb3 Qxb3 7. axb3 e6 8. Be2
Bb4 9. Nf3 Bxc3+ 10. bxc3 Ne4 11. Rc1 Nd7 12. cxd5 exd5 13. Bd3 O-O 14. Ne5
Ndf6 15. c4 Rac8 16. c5 Nh5 17. Bg3 f6 18. Bxe4 dxe4 19. Nc4 Be6 20. Nd6 Rb8
21. Nxe4 Nxg3 22. hxg3 Bxb3 23. Nd6 Bd5 24. f3 f5 25. Kd2 a6 26. Ra1 Rf6 27.
Rhb1 Rg6 28. Nxf5 Kf7 29. e4 Bc4 30. Nd6+ Ke7 31. Nxc4 Rxg3 32. Ne3 Kf6 33.
Rxa6 1-0

[Event "Youth Classic 2019 - Juniors Open U18"]
[Site "Bad Soden, Hasselgrundhalle"]
[Date "2019.10.05"]
[Round "7.11"]
[White "Wagner, Valerian"]
[Black "Jung, Natalie"]
[Result "0-1"]
[WhiteElo "751"]
[BlackElo "1119"]
[PlyCount "78"]
[EventDate "2019.??.??"]
[WhiteTeam "SC Bad Soden"]
[BlackTeam "SK Ettlingen"]

1. e4 e5 2. Nf3 Nc6 3. Bc4 Bc5 4. Nc3 Nf6 5. d3 h6 6. Qe2 d6 7. Be3 Bb6 8. Bxb6
axb6 9. Bb5 O-O 10. Bxc6 bxc6 11. O-O Bg4 12. Rad1 Qe7 13. Qe3 d5 14. exd5 Nxd5
15. Rde1 Nxe3 16. Rxe3 f6 17. Nd2 Rfd8 18. Re4 Bf5 19. Rh4 g5 20. Rc4 Be6 21.
Re4 Bxa2 22. b4 Bd5 23. Re3 Qxb4 24. Ncb1 Qg4 25. f3 Qe6 26. c4 Bxc4 27. dxc4
b5 28. cxb5 cxb5 29. Nb3 Qb6 30. Rfe1 Rd3 31. Kf2 Rxb3 32. Nd2 Rxe3 33. Rxe3
Ra2 34. Ke2 Qa5 35. Rd3 c5 36. Rd8+ Qxd8 37. Kf2 Qxd2+ 38. Kg3 Qf4+ 39. Kh3
Qh4# 0-1

[Event "Youth Classic 2019 - Juniors Open U18"]
[Site "Bad Soden, Hasselgrundhalle"]
[Date "2019.10.05"]
[Round "7.12"]
[White "Mehl, Florian"]
[Black "Roden, Philipp"]
[Result "0-1"]
[WhiteElo "983"]
[BlackElo "1295"]
[PlyCount "86"]
[EventDate "2019.??.??"]
[WhiteTeam "Post  Schw. Hall"]
[BlackTeam "SC ML Kastellaun"]

1. d4 d5 2. Bf4 Nf6 3. e3 Bf5 4. c3 e6 5. Nf3 Nbd7 6. Nbd2 c5 7. Nh4 Bg4 8. Be2
Bxe2 9. Qxe2 Rc8 10. Qd3 Be7 11. Nhf3 O-O 12. O-O Qb6 13. Rab1 cxd4 14. exd4
Qc6 15. Bg5 b5 16. Ne5 Qb7 17. f4 Bd8 18. Qg3 Ne4 19. Nxe4 dxe4 20. Bh6 Bf6 21.
Rbe1 Kh8 22. Qg4 gxh6 23. Qh5 Bg7 24. Re3 f5 25. Rg3 Nf6 26. Qh3 b4 27. c4 Nd7
28. Nxd7 Qxd7 29. b3 Qxd4+ 30. Kh1 Rf6 31. Qh5 Rg8 32. Rd1 Qf2 33. Qh3 Qxf4 34.
Re3 Rg6 35. g3 Qxe3 36. Qf1 Be5 37. a4 bxa3 38. Rd5 exd5 39. cxd5 a2 40. d6
a1=Q 41. Qxa1 Bxa1 42. d7 Qf2 43. d8=Q Qf1# 0-1

[Event "Youth Classic 2019 - Juniors Open U18"]
[Site "Bad Soden, Hasselgrundhalle"]
[Date "2019.10.06"]
[Round "8.1"]
[White "Vakulenko, Oleksandr"]
[Black "Papadopoulos, Ioannis"]
[Result "1-0"]
[WhiteElo "2167"]
[BlackElo "1944"]
[PlyCount "89"]
[EventDate "2019.??.??"]
[WhiteTeam "Gambit Kiew"]
[BlackTeam "SV Oberursel"]

1. d4 d5 2. c4 e6 3. Nc3 Nf6 4. cxd5 exd5 5. Bg5 c6 6. e3 Be7 7. Bd3 Nbd7 8.
Qc2 O-O 9. Nge2 Re8 10. O-O Nf8 11. Rab1 Nh5 12. Bxe7 Qxe7 13. b4 Be6 14. b5 c5
15. dxc5 Qxc5 16. Rfd1 Red8 17. Qb2 Nd7 18. Rbc1 Qe7 19. Na4 Rac8 20. Qd4 b6
21. Qb2 Nc5 22. Nac3 Nf6 23. Nd4 Bd7 24. Bf5 Ne6 25. Nf3 Rc5 26. a4 g6 27. Bh3
Be8 28. Ne2 Ne4 29. Bxe6 fxe6 30. Ne5 Qf6 31. f3 Nc3 32. Ng4 Nxe2+ 33. Qxe2 Qg7
34. Rxc5 bxc5 35. e4 h5 36. Ne3 d4 37. Nc4 e5 38. Qd2 Qf6 39. Qa5 Bf7 40. Nxe5
Bb3 41. Rd2 c4 42. Nc6 c3 43. Rd3 Rd7 44. Qb4 c2 45. Qxb3+ 1-0

[Event "Youth Classic 2019 - Juniors Open U18"]
[Site "Bad Soden, Hasselgrundhalle"]
[Date "2019.10.06"]
[Round "8.2"]
[White "Köllner, Ruben Gideon"]
[Black "Hoffmann, Jens"]
[Result "1-0"]
[WhiteElo "2254"]
[BlackElo "2113"]
[PlyCount "141"]
[EventDate "2019.??.??"]
[WhiteTeam "SF Deizisau"]
[BlackTeam "SF HN-Biberach"]

1. d4 Nf6 2. Bg5 Ne4 3. Bf4 c5 4. f3 Qa5+ 5. c3 Nf6 6. d5 Qb6 7. Bc1 e6 8. e4
exd5 9. exd5 Bd6 10. Na3 O-O 11. Ne2 Re8 12. Nc4 Qa6 13. Ne3 b5 14. Kf2 Bb7 15.
a4 c4 16. Nf5 Bc5+ 17. Be3 Bxe3+ 18. Nxe3 Qb6 19. Qd4 Nxd5 20. Nf5 Nc6 21. Qxb6
axb6 22. Nd6 Reb8 23. Rd1 Nc7 24. axb5 Ne5 25. Nf4 Ra2 26. Rd2 Ra1 27. Rg1 Kf8
28. Bxc4 Rxg1 29. Kxg1 Ne6 30. Bxe6 fxe6 31. Nd3 Nxd3 32. Rxd3 Ke7 33. Nc4 Bd5
34. Ne5 Rc8 35. Rd4 d6 36. Nd3 Rc4 37. Rf4 Rxf4 38. Nxf4 Bc4 39. Kf2 Bxb5 40.
Ke3 d5 41. Nh5 g6 42. Ng3 e5 43. f4 e4 44. Nh1 Kd6 45. Kd4 h6 46. Nf2 Be2 47.
Ke3 Bb5 48. Ng4 Kc5 49. b3 g5 50. f5 h5 51. Ne5 Kd6 52. Nf7+ Ke7 53. Nxg5 Kf6
54. Ne6 Bf1 55. Nf4 Kxf5 56. Nxd5 Bxg2 57. Nxb6 Kg4 58. Nd5 h4 59. Nf4 h3 60.
c4 Bf1 61. Kxe4 Bg2+ 62. Ke3 Bb7 63. b4 Bc8 64. b5 Bd7 65. b6 Bc6 66. c5 Bb7
67. Ne6 Kf5 68. c6 Bxc6 69. Nd4+ Ke5 70. Nxc6+ Kd6 71. b7 1-0

[Event "Youth Classic 2019 - Juniors Open U18"]
[Site "Bad Soden, Hasselgrundhalle"]
[Date "2019.10.06"]
[Round "8.3"]
[White "Iliev, Mustafa Batuhan"]
[Black "Geltz, Noah"]
[Result "1-0"]
[WhiteElo "2017"]
[BlackElo "2054"]
[PlyCount "69"]
[EventDate "2019.??.??"]
[WhiteTeam "SV Großauheim"]
[BlackTeam "SF HN-Biberach"]

1. e4 d5 2. exd5 Nf6 3. Nf3 Nxd5 4. d4 Bg4 5. Be2 e6 6. O-O Be7 7. c4 Nb6 8.
Be3 Nc6 9. h3 Bxf3 10. Bxf3 Nxc4 11. Bxc6+ bxc6 12. Qa4 Nb6 13. Qxc6+ Qd7 14.
Qc2 O-O 15. Nd2 Nd5 16. Rac1 Rab8 17. Nc4 Bd6 18. Na5 Qb5 19. Nc6 Nb4 20. Nxb4
Qxb4 21. b3 Rb5 22. Rfd1 Rd5 23. Qe2 Rb8 24. Rc4 Qb5 25. Rdc1 Rb6 26. Qg4 Rb8
27. Bf4 h5 28. Qg3 Rd8 29. Qe3 Qb6 30. Bxd6 R8xd6 31. Rxc7 Rxd4 32. Qf3 Rd1+
33. Kh2 Rd7 34. Rc8+ Rd8 35. Qxd1 1-0

[Event "Youth Classic 2019 - Juniors Open U18"]
[Site "Bad Soden, Hasselgrundhalle"]
[Date "2019.10.06"]
[Round "8.4"]
[White "Köllner, Aaron Noah"]
[Black "Lehmann, Tim"]
[Result "1-0"]
[WhiteElo "2087"]
[BlackElo "1955"]
[PlyCount "57"]
[EventDate "2019.??.??"]
[WhiteTeam "SV Bergneustadt/Derschlag"]
[BlackTeam "SV Lahn Limburg"]

1. d4 g6 2. Nf3 Bg7 3. Nbd2 d6 4. e4 a6 5. a4 Nf6 6. Bd3 O-O 7. O-O Nbd7 8. Qe2
e5 9. dxe5 Nxe5 10. Nxe5 dxe5 11. b4 Qe7 12. Ba3 Rd8 13. Nc4 Nh5 14. g3 Bh3 15.
Rfd1 Qg5 16. Qe3 Qe7 17. Na5 c6 18. b5 Qc7 19. b6 Qc8 20. Bc4 Rd7 21. Rd2 Qe8
22. Rad1 Rad8 23. Nxb7 Rxd2 24. Rxd2 Rd4 25. Nd6 Qb8 26. Nxf7 Rxc4 27. Rd8+
Qxd8 28. Nxd8 Rd4 29. Qb3+ 1-0

[Event "Youth Classic 2019 - Juniors Open U18"]
[Site "Bad Soden, Hasselgrundhalle"]
[Date "2019.10.06"]
[Round "8.5"]
[White "Stobbe, Frederik"]
[Black "Meinecke, Florian"]
[Result "1/2-1/2"]
[WhiteElo "1849"]
[BlackElo "1987"]
[PlyCount "61"]
[EventDate "2019.??.??"]
[WhiteTeam "SC Bad Soden"]
[BlackTeam "SV Turm Sankt Augustin"]

1. e4 c6 2. d4 d5 3. e5 Bf5 4. h4 h5 5. Bd3 Bxd3 6. Qxd3 e6 7. Bg5 Qb6 8. Nd2
c5 9. c4 Nc6 10. Ngf3 cxd4 11. cxd5 Nb4 12. Qb3 Nxd5 13. Qa4+ Qc6 14. Qxc6+
bxc6 15. Nxd4 c5 16. Nc2 Nge7 17. Bxe7 Bxe7 18. g3 Kd7 19. Nc4 Rhd8 20. O-O-O
Ke8 21. f4 Rd7 22. Rd2 Rad8 23. Rhd1 Nb6 24. Rxd7 Rxd7 25. Rxd7 Kxd7 26. N2e3
Kc6 27. Kd2 Nxc4+ 28. Nxc4 Kd5 29. Kd3 f6 30. Ne3+ Kc6 31. Nc4 1/2-1/2

[Event "Youth Classic 2019 - Juniors Open U18"]
[Site "Bad Soden, Hasselgrundhalle"]
[Date "2019.10.06"]
[Round "8.6"]
[White "Wu, Sifan"]
[Black "Murmann, Jonas"]
[Result "1-0"]
[WhiteElo "1574"]
[BlackElo "1394"]
[PlyCount "63"]
[EventDate "2019.??.??"]
[WhiteTeam "SV Oberursel"]
[BlackTeam "SC ML Kastellaun"]

1. e4 c5 2. Nf3 Nc6 3. d4 cxd4 4. Nxd4 g6 5. Be3 Bg7 6. Nc3 Nf6 7. f3 d5 8.
exd5 Nxd5 9. Nxd5 Qxd5 10. Nxc6 Qxc6 11. c3 O-O 12. Be2 Bf5 13. O-O b6 14. Qb3
Qe6 15. Qxe6 Bxe6 16. a4 Rfb8 17. f4 Bd5 18. Rfd1 Rd8 19. a5 Rab8 20. axb6 axb6
21. Ra6 b5 22. Ra5 Bc4 23. Rxd8+ Rxd8 24. Bxc4 bxc4 25. h3 Rd1+ 26. Kh2 Rb1 27.
Ra8+ Bf8 28. Bc5 Kg7 29. Ba3 f5 30. Rc8 Kf7 31. Rxc4 Ke6 32. Rc6+ 1-0

[Event "Youth Classic 2019 - Juniors Open U18"]
[Site "Bad Soden, Hasselgrundhalle"]
[Date "2019.10.06"]
[Round "8.7"]
[White "Koch, Laura"]
[Black "Köpke, Carolina"]
[Result "0-1"]
[WhiteElo "1020"]
[BlackElo "1453"]
[PlyCount "146"]
[EventDate "2019.??.??"]
[WhiteTeam "SV Frankfurt Nord"]
[BlackTeam "SV Oberursel"]

1. e4 e5 2. Nf3 Nc6 3. d4 exd4 4. Nxd4 Bc5 5. Be3 Qf6 6. c3 Nge7 7. Bc4 Ne5 8.
Nd2 O-O 9. O-O d6 10. b4 Bb6 11. h3 Qg6 12. Kh2 Nxc4 13. Nxc4 Qxe4 14. Re1 Nd5
15. Bg5 Qg6 16. f4 h6 17. Nxb6 axb6 18. Bh4 Nxf4 19. Bg3 Ne6 20. Nb5 Bd7 21. a4
Bxb5 22. axb5 Rxa1 23. Qxa1 Qd3 24. Qb2 Qxb5 25. Re3 Ra8 26. Qf2 Qd5 27. Qf3
Qxf3 28. gxf3 Ra3 29. f4 Kf8 30. f5 Nd8 31. Bh4 f6 32. Kg2 Nc6 33. b5 Ne5 34.
Kf2 Rb3 35. c4 Rxe3 36. Kxe3 Nxc4+ 37. Kd4 Na3 38. Kc3 Nxb5+ 39. Kb4 Nd4 40.
Bg3 Nxf5 41. Bf4 g5 42. Bd2 h5 43. Kc4 Ke7 44. Kd5 c6+ 45. Ke4 Ke6 46. Be1 g4
47. hxg4 hxg4 48. Bf2 b5 49. Bg1 b4 50. Kd3 g3 51. Kc4 g2 52. Kxb4 Nh4 53. Kc3
Nf3 54. Bf2 g1=Q 55. Bxg1 Nxg1 56. Kd3 Ke5 57. Ke3 Kd5 58. Kf2 b5 59. Ke1 Kc4
60. Kd2 Kb3 61. Kc1 Ka2 62. Kc2 b4 63. Kc1 b3 64. Kd2 b2 65. Kc3 b1=Q 66. Kd4
Kb3 67. Ke3 Qf5 68. Kd4 Qf4+ 69. Kd3 Kb4 70. Kc2 Qe3 71. Kd1 Qf2 72. Kc1 Kc3
73. Kb1 Qb2# 0-1

[Event "Youth Classic 2019 - Juniors Open U18"]
[Site "Bad Soden, Hasselgrundhalle"]
[Date "2019.10.06"]
[Round "8.8"]
[White "Jung, Natalie"]
[Black "Englert, Georg"]
[Result "0-1"]
[WhiteElo "1119"]
[BlackElo "1249"]
[PlyCount "132"]
[EventDate "2019.??.??"]
[WhiteTeam "SK Ettlingen"]
[BlackTeam "SC ML Kastellaun"]

1. d4 d5 2. Nf3 Nc6 3. c4 Nf6 4. Nc3 e6 5. e3 b6 6. cxd5 Nxd5 7. g3 Be7 8. Bg2
Bb7 9. O-O O-O 10. Bd2 Nxc3 11. bxc3 Bd6 12. Qc2 Rb8 13. e4 e5 14. d5 Ne7 15.
c4 Qd7 16. Rac1 f6 17. Rfd1 Bc5 18. Qd3 Qd6 19. Bh3 Bc8 20. Bg2 Bb7 21. Nh4
Rfd8 22. a4 a5 23. Qf3 Bc8 24. Rc3 Qd7 25. Ra1 Bd4 26. Raa3 Bxc3 27. Bxc3 Qd6
28. Bb2 Qb4 29. Qe2 Bd7 30. Qc2 Nc8 31. Bf1 Nd6 32. Nf3 Nb7 33. Nd2 Nc5 34. Qc3
Qxc3 35. Bxc3 Nxa4 36. Nb1 Nc5 37. f3 Ra8 38. Kf2 Rdb8 39. Ke3 b5 40. cxb5 Bxb5
41. Bh3 a4 42. Bb4 Bd7 43. Nc3 Rxb4 44. Bxd7 Nxd7 45. Kd2 Nc5 46. f4 Rb3 47.
Rxb3 axb3 48. Kc1 Kf8 49. Kb1 Ke7 50. fxe5 fxe5 51. h3 Ra2 52. Nxa2 bxa2+ 53.
Kxa2 Nd3 54. Kb3 Nf2 55. h4 Nxe4 56. Kc4 Nxg3 57. Kc5 e4 58. Kd4 Kd6 59. h5 g6
60. hxg6 hxg6 61. Kc4 e3 62. Kd3 e2 63. Kd2 Kxd5 64. Ke1 Kd4 65. Kd2 c5 66. Ke1
Kd3 0-1

[Event "Youth Classic 2019 - Juniors Open U18"]
[Site "Bad Soden, Hasselgrundhalle"]
[Date "2019.10.06"]
[Round "8.9"]
[White "Sander, Jannik"]
[Black "Pfaff, Pawel"]
[Result "1-0"]
[WhiteElo "1233"]
[BlackElo "1265"]
[PlyCount "57"]
[EventDate "2019.??.??"]
[WhiteTeam "SK Gernsheim"]
[BlackTeam "SC Bad Soden"]

1. e4 e5 2. Nf3 Nc6 3. d4 exd4 4. Nxd4 Nxd4 5. Qxd4 d6 6. Nc3 Be6 7. Bc4 Bxc4
8. Qxc4 Nf6 9. Bg5 c6 10. O-O-O Be7 11. e5 d5 12. Qh4 Nd7 13. Bxe7 Qxe7 14. Qg3
O-O 15. Rhe1 Rfe8 16. h4 h6 17. Rd4 Nxe5 18. Re3 Qc5 19. Ne2 Qd6 20. Nf4 g6 21.
Nh3 Qc5 22. Qf4 Kg7 23. Rxe5 Rxe5 24. Qxe5+ Kg8 25. Rg4 Qf8 26. h5 Re8 27. Qc3
Re6 28. Nf4 Rf6 29. Qxf6 1-0

[Event "Youth Classic 2019 - Juniors Open U18"]
[Site "Bad Soden, Hasselgrundhalle"]
[Date "2019.10.06"]
[Round "8.10"]
[White "Schmetkamp, Ian"]
[Black "Klein, Dennis"]
[Result "1/2-1/2"]
[WhiteElo "1129"]
[BlackElo "1119"]
[PlyCount "57"]
[EventDate "2019.??.??"]
[WhiteTeam "Post  Schw. Hall"]
[BlackTeam "Post  Schw. Hall"]

1. e4 e5 2. Nf3 Nc6 3. Bc4 Nf6 4. d3 h6 5. Be3 d6 6. Nbd2 Be7 7. O-O O-O 8. a4
Be6 9. Ba2 Bxa2 10. Rxa2 Nb4 11. Ra3 d5 12. c3 Nxd3 13. Rb3 d4 14. cxd4 exd4
15. Bxd4 Nc5 16. Bxc5 Bxc5 17. Rxb7 Bb6 18. Nc4 Qc8 19. e5 Nd7 20. Qd5 Nc5 21.
Na5 Rd8 22. Qc6 Nxb7 23. Nxb7 Re8 24. Nc5 Rb8 25. Nd7 Ra8 26. Nxb6 axb6 27. Qc4
Qe6 28. Qxc7 b5 29. Nd4 1/2-1/2

[Event "Youth Classic 2019 - Juniors Open U18"]
[Site "Bad Soden, Hasselgrundhalle"]
[Date "2019.10.06"]
[Round "8.11"]
[White "Roden, Philipp"]
[Black "Hoang, Jan"]
[Result "1-0"]
[WhiteElo "1295"]
[BlackElo "1097"]
[PlyCount "59"]
[EventDate "2019.??.??"]
[WhiteTeam "SC ML Kastellaun"]
[BlackTeam "Post  Schw. Hall"]

1. d4 Nf6 2. Nf3 d5 3. c4 e6 4. Bg5 Be7 5. e3 h6 6. Bxf6 Bxf6 7. Nc3 Nc6 8. Bd3
O-O 9. O-O b6 10. g3 Bb7 11. Rc1 Re8 12. cxd5 exd5 13. b4 a6 14. Qb3 Ne7 15.
Rc2 Qd7 16. Rfc1 b5 17. a4 Bc6 18. axb5 axb5 19. Ra2 Reb8 20. Rca1 Nc8 21. Rxa8
Bxa8 22. Nxb5 Be7 23. Ne5 Qd8 24. Ra4 f6 25. Ng6 Bc6 26. Nxe7+ Nxe7 27. Ra5
Bxb5 28. Rxb5 Nc6 29. Rxd5 Qf8 30. Rd8+ 1-0

[Event "Youth Classic 2019 - Juniors Open U18"]
[Site "Bad Soden, Hasselgrundhalle"]
[Date "2019.10.06"]
[Round "8.12"]
[White "Wagner, Valerian"]
[Black "Mehl, Florian"]
[Result "0-1"]
[WhiteElo "751"]
[BlackElo "983"]
[PlyCount "68"]
[EventDate "2019.??.??"]
[WhiteTeam "SC Bad Soden"]
[BlackTeam "Post  Schw. Hall"]

1. e4 c5 2. Nc3 Nc6 3. Nf3 d6 4. Bc4 g6 5. d3 Bg7 6. Bg5 h6 7. Bh4 Nf6 8. O-O
O-O 9. Qd2 a6 10. Nd5 Nxd5 11. Bxd5 Qc7 12. c4 Kh7 13. Rab1 Nd4 14. Nxd4 Bxd4
15. a3 e6 16. b4 exd5 17. exd5 b6 18. bxc5 bxc5 19. Rfe1 Bf5 20. Re7 Rab8 21.
Rxb8 Qxb8 22. h3 g5 23. Bg3 Qd8 24. Qe2 Kg7 25. h4 Bxd3 26. Re8 Rxe8 27. Qxe8
Qxe8 28. Bxd6 Bxc4 29. hxg5 hxg5 30. g3 Bxd5 31. Bxc5 Bxc5 32. Kh2 Qh8+ 33. Kg1
Qh3 34. a4 Qg2# 0-1

[Event "Youth Classic 2019 - Juniors Open U18"]
[Site "Bad Soden, Hasselgrundhalle"]
[Date "2019.10.06"]
[Round "9.1"]
[White "Köpke, Carolina"]
[Black "Vakulenko, Oleksandr"]
[Result "0-1"]
[WhiteElo "1453"]
[BlackElo "2167"]
[PlyCount "58"]
[EventDate "2019.??.??"]
[WhiteTeam "SV Oberursel"]
[BlackTeam "Gambit Kiew"]

1. d4 d5 2. Bf4 Nf6 3. e3 g6 4. Nd2 c5 5. c3 Nc6 6. Ngf3 Bg7 7. Bd3 O-O 8. Ne5
Nd7 9. Nxc6 bxc6 10. O-O f6 11. Qb3 e5 12. dxe5 fxe5 13. Bg3 c4 14. Bxc4 Rb8
15. Bxd5+ Kh8 16. Qa3 cxd5 17. Qxa7 Rxb2 18. Nb3 Rc2 19. Rfc1 Rxc1+ 20. Rxc1
Rf6 21. Bh4 Qb6 22. Qa8 Qc6 23. Qa5 Rf8 24. Be7 Re8 25. Qb4 Qe6 26. Bc5 Ba6 27.
a4 Rb8 28. Qa3 Nxc5 29. Nxc5 Qd6 0-1

[Event "Youth Classic 2019 - Juniors Open U18"]
[Site "Bad Soden, Hasselgrundhalle"]
[Date "2019.10.06"]
[Round "9.2"]
[White "Englert, Georg"]
[Black "Köllner, Ruben Gideon"]
[Result "0-1"]
[WhiteElo "1249"]
[BlackElo "2254"]
[PlyCount "60"]
[EventDate "2019.??.??"]
[WhiteTeam "SC ML Kastellaun"]
[BlackTeam "SF Deizisau"]

1. e4 d6 2. Nc3 Nf6 3. Nf3 e5 4. b3 Be7 5. Be2 O-O 6. O-O Nbd7 7. Bb2 Re8 8. d3
Nc5 9. Re1 Bf8 10. Nd5 Ne6 11. Nxf6+ Qxf6 12. Bf1 Nf4 13. Bc1 Bg4 14. Bxf4 Qxf4
15. Qd2 Qf6 16. Qg5 Qe6 17. h3 Bxf3 18. gxf3 Be7 19. Qg3 Qh6 20. Re2 Bh4 21.
Qh2 Bg5 22. Kh1 Bf4 23. Qg1 Re6 24. Bg2 Rae8 25. Qe1 Rg6 26. Qc3 Rxg2 27. Kxg2
Qg5+ 28. Kf1 Qh5 29. Ree1 Qxf3 30. Qxc7 Bg3 0-1

[Event "Youth Classic 2019 - Juniors Open U18"]
[Site "Bad Soden, Hasselgrundhalle"]
[Date "2019.10.06"]
[Round "9.3"]
[White "Lehmann, Tim"]
[Black "Iliev, Mustafa Batuhan"]
[Result "1/2-1/2"]
[WhiteElo "1955"]
[BlackElo "2017"]
[PlyCount "112"]
[EventDate "2019.??.??"]
[WhiteTeam "SV Lahn Limburg"]
[BlackTeam "SV Großauheim"]

1. d4 f5 2. Bg5 g6 3. e3 Bg7 4. h4 h6 5. Bf4 d6 6. Bc4 Nf6 7. Qf3 e6 8. Qg3 Kf7
9. Nh3 Nc6 10. a3 Ne4 11. Qf3 d5 12. Bd3 e5 13. dxe5 Nxe5 14. Bxe5 Bxe5 15. Nf4
Re8 16. c3 c6 17. h5 g5 18. Ng6 Bc7 19. Nd2 Qf6 20. Nxe4 dxe4 21. Bc4+ Kg7 22.
Qe2 a5 23. a4 f4 24. O-O-O Bf5 25. Rd2 Rad8 26. exf4 Bxg6 27. Rxd8 Rxd8 28.
hxg6 Qxg6 29. Kb1 Bxf4 30. Rd1 Rxd1+ 31. Qxd1 Qd6 32. Qxd6 Bxd6 33. Be2 Bc5 34.
f3 exf3 35. Bxf3 Kg6 36. Bg4 h5 37. Bc8 b5 38. b4 axb4 39. cxb4 Bxb4 40. axb5
c5 41. b6 Ba5 42. b7 Bc7 43. Kc2 Kf6 44. Kd3 Ke5 45. Kc4 Kd6 46. Bf5 g4 47. Bc8
Kc6 48. Bf5 Kd6 49. Bc8 Bb8 50. Bf5 Ke5 51. Bd7 Bd6 52. b8=Q Bxb8 53. Kxc5 Kf4
54. Bc6 Ba7+ 55. Kc4 Kg3 56. Ba8 h4 1/2-1/2

[Event "Youth Classic 2019 - Juniors Open U18"]
[Site "Bad Soden, Hasselgrundhalle"]
[Date "2019.10.06"]
[Round "9.4"]
[White "Meinecke, Florian"]
[Black "Köllner, Aaron Noah"]
[Result "1/2-1/2"]
[WhiteElo "1987"]
[BlackElo "2087"]
[PlyCount "144"]
[EventDate "2019.??.??"]
[WhiteTeam "SV Turm Sankt Augustin"]
[BlackTeam "SV Bergneustadt/Derschlag"]

1. d4 Nf6 2. Bf4 d6 3. e3 g6 4. c3 Bg7 5. Nd2 h6 6. h3 Nbd7 7. Ngf3 e6 8. e4
Nh5 9. Bh2 e5 10. dxe5 dxe5 11. Nc4 Qe7 12. Qc2 O-O 13. O-O-O a5 14. Rd5 Nf4
15. Rxa5 Rxa5 16. Nxa5 Nb6 17. Bxf4 exf4 18. Nc4 Nd7 19. a3 Nc5 20. Ncd2 Bd7
21. Bc4 Ba4 22. b3 Bd7 23. Kb2 b5 24. Be2 Rb8 25. Nd4 Qd6 26. N2f3 Bf8 27. Ra1
Na6 28. e5 Qb6 29. e6 Bxe6 30. Nxe6 Qxe6 31. Nd4 Qd5 32. Bf3 Qd6 33. Qe4 Bg7
34. Qc6 Bxd4 35. Qxd6 Bxc3+ 36. Kxc3 cxd6 37. b4 Nc7 38. Rd1 Rb6 39. Kb3 Kf8
40. a4 bxa4+ 41. Kxa4 Ra6+ 42. Kb3 Ke7 43. Be2 Rb6 44. Ka4 d5 45. Ka5 Rb8 46.
b5 Kd6 47. Rc1 Ra8+ 48. Kb6 Rb8+ 49. Ka7 Rxb5 50. Bxb5 Nxb5+ 51. Kb6 Nd4 52.
Rd1 Nf5 53. Kb5 h5 54. Kb4 g5 55. Kc3 Nh4 56. g3 fxg3 57. fxg3 Nf5 58. Rf1 Nxg3
59. Rxf7 Ke5 60. Kd3 Nf5 61. Rh7 h4 62. Rh8 Kf4 63. Rf8 g4 64. hxg4 Kxg4 65.
Rg8+ Kf4 66. Rh8 Kg3 67. Rg8+ Kh2 68. Rg5 Ng3 69. Rxd5 h3 70. Rd8 Kg2 71. Rh8
h2 72. Rxh2+ Kxh2 1/2-1/2

[Event "Youth Classic 2019 - Juniors Open U18"]
[Site "Bad Soden, Hasselgrundhalle"]
[Date "2019.10.06"]
[Round "9.5"]
[White "Hoffmann, Jens"]
[Black "Wu, Sifan"]
[Result "1-0"]
[WhiteElo "2113"]
[BlackElo "1574"]
[PlyCount "35"]
[EventDate "2019.??.??"]
[WhiteTeam "SF HN-Biberach"]
[BlackTeam "SV Oberursel"]

1. e4 e5 2. Nf3 Nc6 3. d4 exd4 4. Nxd4 Bc5 5. Be3 Qf6 6. Nb5 Bxe3 7. fxe3 Kd8
8. N1c3 Nge7 9. Qd2 a6 10. Nd4 Ne5 11. Be2 d6 12. O-O-O Bg4 13. Rhf1 Qg6 14.
Nf3 N7c6 15. Qd5 Ke7 16. Nxe5 Nxe5 17. Qxb7 Kd7 18. Nd5 1-0